HUMAN ANATOMY AND PHYSIOLOGY (Record no. 7899)

MARC details
000 -LEADER
fixed length control field 00446nam a22001697a 4500
005 - DATE AND TIME OF LATEST TRANSACTION
control field 20230114115827.0
008 - FIXED-LENGTH DATA ELEMENTS--GENERAL INFORMATION
fixed length control field 220210b ||||| |||| 00| 0 eng d
020 ## - INTERNATIONAL STANDARD BOOK NUMBER
ISBN 978-93-8397-160-2
041 ## - LANGUAGE CODE
Language code of text/sound track or separate title eng
082 ## - DEWEY DECIMAL CLASSIFICATION NUMBER
Classification number 612
100 ## - MAIN ENTRY--AUTHOR NAME
Personal name ingawale, ms.deepa k. and mandlik, mr. satish k.
245 ## - TITLE STATEMENT
Title HUMAN ANATOMY AND PHYSIOLOGY
260 ## - PUBLICATION, DISTRIBUTION, ETC. (IMPRINT)
Place of publication PUNE
Name of publisher NIRALI PRAKASHAN
300 ## - PHYSICAL DESCRIPTION
Number of Pages 532;p
650 ## - SUBJECT ADDED ENTRY--TOPICAL TERM
Topical Term PHARMACY
General subdivision B.PHARMA
942 ## - ADDED ENTRY ELEMENTS (KOHA)
Koha item type Books
Holdings
Lost status Damaged status Collection code Home library Current library Shelving location Date acquired Source of acquisition Cost, normal purchase price Full call number Accession Number Koha item type
    PHARMACY JRU Library JRU Library Shelf - 23- H 10/02/2022 PURCHASE 500.00 612 26154 Books
    PHARMACY JRU Library JRU Library Shelf - 23- H 10/02/2022 PURCHASE 500.00 612 26155 Books